Malaysia Singapore & Brunei / (Record no. 6377)

MARC details
000 -LEADER
fixed length control field 01133nam a22002657a 4500
001 - CONTROL NUMBER
control field 6377
003 - CONTROL NUMBER IDENTIFIER
control field FISKH
005 - DATE AND TIME OF LATEST TRANSACTION
control field 20250425122003.0
008 - FIXED-LENGTH DATA ELEMENTS--GENERAL INFORMATION
fixed length control field 250425b cb ||||| |||| 00| 0 eng d
020 ## - INTERNATIONAL STANDARD BOOK NUMBER
International Standard Book Number 9781741798470
040 ## - CATALOGING SOURCE
Original cataloging agency FISKH
Language of cataloging eng
Transcribing agency FISKH
Modifying agency FISKH
050 ## - LIBRARY OF CONGRESS CALL NUMBER
Classification number DS591.5
082 ## - DEWEY DECIMAL CLASSIFICATION NUMBER
Classification number 915.95
100 ## - MAIN ENTRY--PERSONAL NAME
Personal name Richmon, Simon
245 ## - TITLE STATEMENT
Title Malaysia Singapore & Brunei /
Statement of responsibility, etc. By Simon Richmon, Celeste Brash, Adam Karlin , Shawn Low and Brandon Presser
250 ## - EDITION STATEMENT
Edition statement First published , May 1982
260 ## - PUBLICATION, DISTRIBUTION, ETC.
Place of publication, distribution, etc. Fort Mill :
Name of publisher, distributor, etc. Lonely Planet ,
Date of publication, distribution, etc. 2011.
300 ## - PHYSICAL DESCRIPTION
Extent 636 pages :
Other physical details color illustrations, maps ;
Dimensions 20 cm .
490 ## - SERIES STATEMENT
Series statement Lonely Planet
520 ## - SUMMARY, ETC.
Summary, etc. Lonely Planet's Malaysia, Singapore & Brunei is your passport to the most relevant, up-to-date advice on what to see and skip, and what hidden discoveries await you. Get to the heart of this region's cultural melting pot, all with your trusted travel companion. Get to the heart of Malaysia, Singapore & Brunei and begin your journey now!
650 ## - SUBJECT ADDED ENTRY--TOPICAL TERM
Topical term or geographic name entry element Lovely Planet
Form subdivision Non-fiction
700 ## - ADDED ENTRY--PERSONAL NAME
Personal name Brash, Celeste
Relator term Illustrator
942 ## - ADDED ENTRY ELEMENTS (KOHA)
Source of classification or shelving scheme Dewey Decimal Classification
Koha item type Books
Suppress in OPAC No
Holdings
Withdrawn status Lost status Source of classification or shelving scheme Damaged status Not for loan Collection Home library Current library Shelving location Date acquired Total Checkouts Full call number Barcode Date last seen Price effective from Koha item type
    Dewey Decimal Classification     Non-Fiction Footprints International School Library Network Toul Tom Poung Campus Footprints International School Library Network Toul Tom Poung Campus TTP Secondary Non-Fiction Bookshelves 04/25/2025   RIC 915.95 DS591.5 2025-1127 04/25/2025 04/25/2025 Books